[Event "Festival de Xadrez Americana SP 2007"]
[Site "Sao Paulo BRA"]
[Date "2007.12.04"]
[Round "1.1"]
[White "Tsuboi, Edson"]
[Black "Perdomo, Leandro"]
[Result "1/2-1/2"]
[WhiteElo "2334"]
[BlackElo "2391"]
[PlyCount "74"]
[EventDate "2007.12.04"]
[EventType "tourn"]
[EventRounds "9"]
[EventCountry "BRA"]
[EventCategory "7"]
[Source "lmi"]
[SourceDate "2007.12.04"]

1. e4 e5 2. Nf3 Nc6 3. Bb5 a6 4. Ba4 Nf6 5. O-O Be7 6. Re1 b5 7. Bb3 O-O 8. c3
d5 9. exd5 Nxd5 10. Nxe5 Nxe5 11. Rxe5 Bb7 12. Qf3 Bd6 13. Bxd5 c6 14. Re2 cxd5
15. d4 Qc7 16. g3 Rae8 17. Be3 f5 18. Nd2 f4 19. Bxf4 Rxe2 20. Qxe2 Bxf4 21.
gxf4 Qxf4 22. Re1 Bc8 23. Qe3 Qf6 24. Qg3 Qh6 25. Nf3 Bf5 26. Qg5 Qh3 27. Re7
Bg6 28. Ne5 Rf6 29. Qg2 Qf5 30. Qxd5+ Kh8 31. Qa8+ Rf8 32. Qg2 Qb1+ 33. Qf1
Qxb2 34. Nxg6+ hxg6 35. Qh3+ Kg8 36. Qe6+ Kh8 37. Qh3+ Kg8 1/2-1/2

[Event "Festival de Xadrez Americana SP 2007"]
[Site "Sao Paulo BRA"]
[Date "2007.12.04"]
[Round "1.2"]
[White "Cubas, Jose"]
[Black "Rodriguez, Andrés"]
[Result "0-1"]
[WhiteElo "2448"]
[BlackElo "2541"]
[PlyCount "120"]
[EventDate "2007.12.04"]
[EventType "tourn"]
[EventRounds "9"]
[EventCountry "BRA"]
[EventCategory "7"]
[Source "lmi"]
[SourceDate "2007.12.04"]

1. e4 b6 2. d4 Bb7 3. Bd3 e6 4. Nf3 c5 5. c3 Nf6 6. Qe2 d5 7. e5 Ne4 8. Nbd2
Nxd2 9. Bxd2 Be7 10. O-O Nc6 11. a3 a5 12. Ne1 a4 13. Be3 g6 14. f4 Qc8 15. g4
Na5 16. f5 Ba6 17. Qf3 Kd7 18. Rd1 Nc4 19. Bc1 cxd4 20. cxd4 Qc6 21. Ng2 b5 22.
Nf4 Bb7 23. Bxc4 bxc4 24. Nh3 Qb6 25. Bg5 Rae8 26. Bxe7 Rxe7 27. Qf4 gxf5 28.
gxf5 Rg8+ 29. Kh1 Qxb2 30. Rg1 Rxg1+ 31. Rxg1 Qc2 32. fxe6+ fxe6 33. Ng5 h6 34.
Nxe6 Rxe6 35. Rg7+ Kc6 36. Qf7 Qe4+ 37. Kg1 Qxd4+ 38. Kf1 Bc8 39. Qc7+ Kb5 40.
Qxc8 Rf6+ 41. exf6 Qxf6+ 42. Ke2 Qxg7 43. Qb8+ Kc6 44. Qa8+ Kd6 45. Qxa4 Qg2+
46. Ke3 Qh3+ 47. Kf4 Qxh2+ 48. Kf5 Qh5+ 49. Kf4 Qg5+ 50. Kf3 Qf5+ 51. Kg3 Ke5
52. Qa7 Ke4 53. Qc5 h5 54. a4 Qg5+ 55. Kh2 h4 56. a5 Qg3+ 57. Kh1 h3 58. Qe7+
Kd3 59. Qa3+ c3 60. Qa2 Qg2+ 0-1

[Event "Festival de Xadrez Americana SP 2007"]
[Site "Sao Paulo BRA"]
[Date "2007.12.04"]
[Round "1.3"]
[White "Fier, Alexandr"]
[Black "Da Silva, Alessandro"]
[Result "1-0"]
[WhiteElo "2516"]
[BlackElo "2223"]
[PlyCount "67"]
[EventDate "2007.12.04"]
[EventType "tourn"]
[EventRounds "9"]
[EventCountry "BRA"]
[EventCategory "7"]
[Source "lmi"]
[SourceDate "2007.12.04"]

1. e4 c5 2. Nf3 d6 3. d4 cxd4 4. Nxd4 Nf6 5. Nc3 g6 6. Be3 Bg7 7. f3 Nc6 8. Qd2
O-O 9. O-O-O d5 10. Nxc6 bxc6 11. Bh6 e5 12. Bxg7 Kxg7 13. exd5 cxd5 14. Nxd5
Be6 15. Bc4 Rc8 16. Nxf6 Qxf6 17. Bxe6 Qxe6 18. Kb1 Rfe8 19. Rhe1 Rb8 20. b3
Qa6 21. Qd3 Qa3 22. Qd6 Qa5 23. Qd5 Rb5 24. Qd2 Qa3 25. c4 Ra5 26. Qb2 Qe7 27.
f4 Qf6 28. b4 Ra4 29. Rxe5 Rb8 30. a3 a5 31. Rd6 Qxd6 32. Re6+ Kg8 33. Rxd6
axb4 34. axb4 1-0

[Event "Festival de Xadrez Americana SP 2007"]
[Site "Sao Paulo BRA"]
[Date "2007.12.04"]
[Round "1.4"]
[White "Stamenkovic, Dragan"]
[Black "Leitao, Rafael"]
[Result "1/2-1/2"]
[WhiteElo "2417"]
[BlackElo "2601"]
[PlyCount "119"]
[EventDate "2007.12.04"]
[EventType "tourn"]
[EventRounds "9"]
[EventCountry "BRA"]
[EventCategory "7"]
[Source "lmi"]
[SourceDate "2007.12.04"]

1. d4 d5 2. c4 e6 3. Nc3 c6 4. Nf3 Nf6 5. cxd5 exd5 6. Bg5 Be7 7. Qc2 g6 8. e3
Bf5 9. Bd3 Bxd3 10. Qxd3 Nbd7 11. O-O O-O 12. Rab1 a5 13. a3 Re8 14. Bxf6 Bxf6
15. Rfc1 a4 16. Qc2 Qa5 17. h4 Nb6 18. h5 Nc4 19. e4 Bg7 20. exd5 cxd5 21. Nxd5
Nxa3 22. bxa3 Qxd5 23. hxg6 hxg6 24. Qc5 Qxc5 25. dxc5 Re7 26. Rb4 Rc7 27. Ne1
Bh6 28. Rcc4 Bf8 29. Rxa4 Rxa4 30. Rxa4 Rxc5 31. Ra8 Kg7 32. Kf1 Rc3 33. a4 Bb4
34. Ke2 b6 35. Nd3 Ba5 36. Ra7 Kf6 37. f4 Ke6 38. g4 Ra3 39. Nc5+ Kd5 40. Nd3
Kc6 41. Ne5+ Kd5 42. Nd3 f6 43. Rd7+ Ke4 44. Re7+ Kd5 45. Rd7+ Ke4 46. Re7+ Kd5
47. Rd7+ Ke6 48. Rg7 Rxa4 49. Rxg6 Kf7 50. Rh6 Bc3 51. Rh5 Re4+ 52. Kf3 Re8 53.
Rh7+ Ke6 54. Rc7 Bd4 55. Nb4 Bc5 56. Nc2 Ra8 57. Rc6+ Ke7 58. g5 fxg5 59. fxg5
Kd7 60. Rh6 1/2-1/2

[Event "Festival de Xadrez Americana SP 2007"]
[Site "Sao Paulo BRA"]
[Date "2007.12.04"]
[Round "1.5"]
[White "Mekhitarian, Krikor"]
[Black "De Oliveira, Silvio"]
[Result "1/2-1/2"]
[WhiteElo "2428"]
[BlackElo "2286"]
[PlyCount "111"]
[EventDate "2007.12.04"]
[EventType "tourn"]
[EventRounds "9"]
[EventCountry "BRA"]
[EventCategory "7"]
[Source "lmi"]
[SourceDate "2007.12.04"]

1. e4 c5 2. Nf3 Nc6 3. d4 cxd4 4. Nxd4 e6 5. Nc3 d6 6. Be3 Nf6 7. f3 Be7 8. Qd2
O-O 9. g4 d5 10. g5 Nxd4 11. Bxd4 Nd7 12. h4 e5 13. Bf2 d4 14. Nd5 Nb6 15.
Nxe7+ Qxe7 16. c3 f5 17. gxf6 Qxf6 18. Be2 dxc3 19. Qxc3 Be6 20. Bg3 Nd7 21.
Qd2 Nb8 22. Qg5 Nc6 23. Qxf6 gxf6 24. f4 Nd4 25. Bd1 exf4 26. Bxf4 Rfe8 27. Kf2
Bd7 28. Re1 Bc6 29. e5 fxe5 30. Bxe5 Rf8+ 31. Ke3 Nf5+ 32. Kf4 Nh6+ 33. Kg3
Rad8 34. Bb3+ Bd5 35. Bxd5+ Rxd5 36. Rad1 Nf5+ 37. Kh3 Rxd1 38. Rxd1 Re8 39.
Bc3 h5 40. Rd5 Re3+ 41. Kh2 Re2+ 42. Kg1 Nxh4 43. Rg5+ Kf8 44. Rxh5 Ng6 45. Rh7
Ne7 46. Rh8+ Ng8 47. Kf1 Re6 48. Rh7 Ne7 49. Rh8+ Ng8 50. Kf2 Rh6 51. Ke3 Rxh8
52. Bxh8 Ke7 53. Kd4 Kd6 54. Be5+ Kc6 55. Bf4 Ne7 56. a4 1/2-1/2

[Event "Festival de Xadrez Americana SP 2007"]
[Site "Sao Paulo BRA"]
[Date "2007.12.05"]
[Round "2.1"]
[White "Perdomo, Leandro"]
[Black "De Oliveira, Silvio"]
[Result "1-0"]
[WhiteElo "2391"]
[BlackElo "2286"]
[PlyCount "91"]
[EventDate "2007.12.04"]
[EventType "tourn"]
[EventRounds "9"]
[EventCountry "BRA"]
[EventCategory "7"]
[Source "lmi"]
[SourceDate "2007.12.04"]

1. d4 d5 2. c4 c6 3. Nc3 Nf6 4. cxd5 cxd5 5. Bf4 Nc6 6. e3 Bf5 7. Qb3 Na5 8.
Bb5+ Bd7 9. Qa4 Nc6 10. Nf3 a6 11. Bxc6 Bxc6 12. Qb3 e6 13. Ne5 Be7 14. O-O Rc8
15. Nxc6 bxc6 16. Na4 Bd6 17. Bxd6 Qxd6 18. Nc5 Ng4 19. f4 Qb8 20. Qc3 Qa7 21.
h3 Nf6 22. Qa5 Ra8 23. Rac1 O-O 24. Nd3 Qb7 25. Rc2 Qb5 26. Qxb5 cxb5 27. Rfc1
Ra7 28. Rc7 Rxc7 29. Rxc7 Ne4 30. Ra7 Rc8 31. Nc5 g5 32. fxg5 Nxc5 33. dxc5
Rxc5 34. Rxa6 Rc1+ 35. Kh2 Rc2 36. b3 Re2 37. Ra5 b4 38. Ra4 Rxe3 39. Rxb4 e5
40. a4 d4 41. a5 d3 42. a6 d2 43. a7 d1=Q 44. a8=Q+ Kg7 45. Qc6 Qf1 46. Qh6+
1-0

[Event "Festival de Xadrez Americana SP 2007"]
[Site "Sao Paulo BRA"]
[Date "2007.12.05"]
[Round "2.2"]
[White "Leitao, Rafael"]
[Black "Mekhitarian, Krikor"]
[Result "1-0"]
[WhiteElo "2601"]
[BlackElo "2428"]
[PlyCount "139"]
[EventDate "2007.12.04"]
[EventType "tourn"]
[EventRounds "9"]
[EventCountry "BRA"]
[EventCategory "7"]
[Source "lmi"]
[SourceDate "2007.12.04"]

1. d4 Nf6 2. c4 g6 3. Nc3 d5 4. cxd5 Nxd5 5. e4 Nxc3 6. bxc3 c5 7. Bc4 Bg7 8.
Ne2 O-O 9. O-O Nc6 10. Be3 Bd7 11. Rb1 Qc7 12. Bf4 Qc8 13. d5 Na5 14. Bd3 e5
15. Be3 c4 16. Bc2 b5 17. f4 f6 18. Ng3 Bh6 19. Qd2 exf4 20. Bxf4 Bxf4 21. Rxf4
Qe8 22. Re1 Qe5 23. Ne2 Nb7 24. Nd4 Rae8 25. Nf3 Qd6 26. Rh4 Re7 27. Kh1 Nd8
28. Qf2 a6 29. Rf1 Nf7 30. Nd4 Ne5 31. Rf4 Ref7 32. Qg3 a5 33. h4 Kh8 34. Nf3
Nxf3 35. Qxf3 Qe5 36. a3 h6 37. Qe3 Kg7 38. Bb1 Re8 39. Qd2 g5 40. R4f3 Bg4 41.
R3f2 gxh4 42. Rf4 h5 43. Kh2 Qg5 44. Qf2 Bd7 45. Qxh4 Qxh4+ 46. Rxh4 Bg4 47.
Kg3 f5 48. exf5 Re3+ 49. Kf4 Rxc3 50. Kg5 Re3 51. f6+ Kf8 52. Rxg4 hxg4 53. Rh1
Kg8 54. Bf5 Re5 55. Kg6 Rxf5 56. Kxf5 c3 57. Ke6 b4 58. axb4 axb4 59. Rh4 Rb7
60. Rxg4+ Kh7 61. f7 Rb8 62. d6 c2 63. Rc4 Kg7 64. d7 b3 65. Rc8 Rb6+ 66. Ke7
Rf6 67. d8=Q Rxf7+ 68. Ke6 b2 69. Qh8+ Kg6 70. Rg8+ 1-0

[Event "Festival de Xadrez Americana SP 2007"]
[Site "Sao Paulo BRA"]
[Date "2007.12.05"]
[Round "2.3"]
[White "Da Silva, Alessandro"]
[Black "Stamenkovic, Dragan"]
[Result "0-1"]
[WhiteElo "2223"]
[BlackElo "2417"]
[PlyCount "124"]
[EventDate "2007.12.04"]
[EventType "tourn"]
[EventRounds "9"]
[EventCountry "BRA"]
[EventCategory "7"]
[Source "lmi"]
[SourceDate "2007.12.04"]

1. e4 c5 2. Nf3 d6 3. d4 cxd4 4. Nxd4 Nf6 5. Nc3 g6 6. Be3 Bg7 7. f3 a6 8. Bc4
b5 9. Bb3 Bb7 10. Qd2 h5 11. O-O-O Nbd7 12. Kb1 Nb6 13. e5 Nfd5 14. Nf5 Bxe5
15. Nxd5 Nxd5 16. Bxd5 Bxd5 17. Qxd5 gxf5 18. f4 Bf6 19. Rhe1 Rc8 20. Qxf5 Qd7
21. Qd3 Qc6 22. g3 Qc4 23. Qf5 Rc6 24. Bd2 Rc5 25. Qe4 Qxe4 26. Rxe4 Rd5 27. c4
bxc4 28. Rxc4 Kd7 29. Kc2 Rb8 30. b3 Rd4 31. Rxd4 Bxd4 32. Kd3 Bb6 33. Bc3 f5
34. Ke2 Rc8 35. Rd3 Rg8 36. Kf3 Rg6 37. Bd4 Bc7 38. b4 Re6 39. Be3 Re4 40. Rd4
Rxd4 41. Bxd4 Kc6 42. a4 Kd5 43. Bf2 Kc4 44. Be1 d5 45. h3 Bd6 46. b5 axb5 47.
axb5 Kxb5 48. g4 fxg4+ 49. hxg4 hxg4+ 50. Kxg4 Kc4 51. Kf5 Kd3 52. Ke6 Ke4 53.
f5 Bf4 54. Kxe7 Kxf5 55. Kd7 d4 56. Kc6 Ke4 57. Kc5 d3 58. Kc4 Ke3 59. Ba5 Ke2
60. Bb4 Bd2 61. Bd6 Be1 62. Bf4 Bf2 0-1

[Event "Festival de Xadrez Americana SP 2007"]
[Site "Sao Paulo BRA"]
[Date "2007.12.05"]
[Round "2.4"]
[White "Rodriguez, Andrés"]
[Black "Fier, Alexandr"]
[Result "1-0"]
[WhiteElo "2541"]
[BlackElo "2516"]
[PlyCount "119"]
[EventDate "2007.12.04"]
[EventType "tourn"]
[EventRounds "9"]
[EventCountry "BRA"]
[EventCategory "7"]
[Source "lmi"]
[SourceDate "2007.12.04"]

1. d4 Nf6 2. Nf3 e6 3. e3 b6 4. Bd3 Bb7 5. b3 g6 6. c4 d5 7. O-O Bg7 8. Ba3
Nbd7 9. Nc3 c5 10. cxd5 exd5 11. Rc1 Bf8 12. Bb5 a6 13. Bxd7+ Nxd7 14. dxc5
Nxc5 15. Qd4 f6 16. Bb2 Ne6 17. Qg4 Kf7 18. Rfd1 h5 19. Qh3 Nc7 20. Ne4 Be7 21.
Nxf6 Bxf6 22. Bxf6 Kxf6 23. Qh4+ Ke6 24. Nd4+ Kd7 25. Qh3+ Ke7 26. Qg3 Rc8 27.
Qxg6 Ne8 28. Qe6+ Kf8 29. Qf5+ Kg8 30. Qg6+ Ng7 31. Nf5 Rh7 32. Rxc8 Bxc8 33.
Nh6+ Rxh6 34. Qxh6 Qc7 35. h3 Be6 36. Qf6 Qc2 37. Qa1 Qg6 38. Kh2 Qc2 39. Kg1
Qg6 40. Qd4 Bxh3 41. Qxd5+ Kh7 42. Qd3 Bf5 43. Qd6 Qg4 44. f3 Qg5 45. Qxb6 h4
46. e4 h3 47. Qf2 Bc8 48. Rd5 Qh6 49. g4 Be6 50. Rd1 Qf4 51. Rf1 Kg6 52. Qh2
Qe3+ 53. Kh1 Qd3 54. Qxh3 Bd7 55. Rf2 Qe3 56. Kg2 Ne6 57. Qh5+ Kg7 58. Qe5+ Kf7
59. Kg3 Nd4 60. Qf4+ 1-0

[Event "Festival de Xadrez Americana SP 2007"]
[Site "Sao Paulo BRA"]
[Date "2007.12.06"]
[Round "3.1"]
[White "Cubas, Jose"]
[Black "Perdomo, Leandro"]
[Result "0-1"]
[WhiteElo "2448"]
[BlackElo "2391"]
[PlyCount "70"]
[EventDate "2007.12.04"]
[EventType "tourn"]
[EventRounds "9"]
[EventCountry "BRA"]
[EventCategory "7"]
[Source "lmi"]
[SourceDate "2007.12.04"]

1. e4 e5 2. Nf3 Nc6 3. d4 exd4 4. Nxd4 Qf6 5. Be3 Bc5 6. c3 Nge7 7. Bc4 b6 8.
O-O Bb7 9. Nb5 O-O-O 10. Bxc5 bxc5 11. Nd2 Ne5 12. f4 Nxc4 13. Nxc4 d5 14. exd5
Nxd5 15. Na5 Qb6 16. Nxb7 Qxb7 17. Qa4 Kb8 18. Na3 Nb6 19. Qc2 Rd5 20. b3 Rhd8
21. Rf2 Qa6 22. c4 Rd3 23. Nb5 Qa5 24. Rc1 Rd2 25. Rxd2 Rxd2 26. Qxh7 Qxa2 27.
Qxg7 a6 28. Nc3 Qb2 29. Re1 Rc2 30. Qg8+ Ka7 31. Nd5 Qd4+ 32. Kh1 Qd2 33. Rg1
Rc1 34. Qe8 Nxd5 35. cxd5 Qd1 0-1

[Event "Festival de Xadrez Americana SP 2007"]
[Site "Sao Paulo BRA"]
[Date "2007.12.06"]
[Round "3.2"]
[White "Fier, Alexandr"]
[Black "Tsuboi, Edson"]
[Result "1-0"]
[WhiteElo "2516"]
[BlackElo "2334"]
[PlyCount "101"]
[EventDate "2007.12.04"]
[EventType "tourn"]
[EventRounds "9"]
[EventCountry "BRA"]
[EventCategory "7"]
[Source "lmi"]
[SourceDate "2007.12.04"]

1. e4 c5 2. Nf3 Nc6 3. d4 cxd4 4. Nxd4 e6 5. Nc3 Qc7 6. Be3 a6 7. Be2 Nf6 8.
O-O Bb4 9. Na4 Be7 10. Nxc6 bxc6 11. Nb6 Rb8 12. Nxc8 Qxc8 13. Bd4 c5 14. Be5
Rb6 15. b3 Nxe4 16. Bxg7 Rg8 17. Be5 Bd6 18. Bg3 Qc7 19. Qd3 f5 20. Bh5+ Kd8
21. Bh4+ Kc8 22. h3 Rg7 23. a4 Be7 24. Bxe7 Rxe7 25. a5 Rd6 26. Qe3 e5 27. Rfd1
Rxd1+ 28. Bxd1 Qc6 29. c4 f4 30. Qf3 Kc7 31. Rb1 Nd2 32. Qxc6+ dxc6 33. Rb2 Rd7
34. Bg4 Rd4 35. f3 h6 36. Kf2 e4 37. fxe4 Nxe4+ 38. Ke1 Nf6 39. Bf5 f3 40. g3
Kd6 41. Rf2 Ke5 42. Rxf3 Ne4 43. Bc8 Rd8 44. Bb7 Kd4 45. Bxc6 Rd6 46. Bb7 Ng5
47. Rf5 Re6+ 48. Kd2 Ne4+ 49. Bxe4 Kxe4 50. Rxc5 Rf6 51. Kc3 1-0

[Event "Festival de Xadrez Americana SP 2007"]
[Site "Sao Paulo BRA"]
[Date "2007.12.06"]
[Round "3.3"]
[White "Stamenkovic, Dragan"]
[Black "Rodriguez, Andrés"]
[Result "1-0"]
[WhiteElo "2417"]
[BlackElo "2541"]
[PlyCount "65"]
[EventDate "2007.12.04"]
[EventType "tourn"]
[EventRounds "9"]
[EventCountry "BRA"]
[EventCategory "7"]
[Source "lmi"]
[SourceDate "2007.12.04"]

1. d4 d6 2. e4 g6 3. Nc3 a6 4. a4 Bg7 5. Be3 Nf6 6. f3 O-O 7. Qd2 Nbd7 8. Bc4
c5 9. Nge2 Qc7 10. Ba2 cxd4 11. Nxd4 Ne5 12. O-O Bd7 13. g4 e6 14. Rad1 Rfc8
15. g5 Ne8 16. f4 Nc4 17. Bxc4 Qxc4 18. f5 b5 19. fxg6 fxg6 20. Qf2 Rc7 21.
Qf7+ Kh8 22. Qe7 Kg8 23. Rf7 e5 24. Nd5 Bg4 25. Nf6+ Nxf6 26. Rxg7+ Kh8 27.
Qxc7 Nh5 28. Rxh7+ Kg8 29. Qb7 Rf8 30. Rc7 exd4 31. Rxc4 dxe3 32. Qd5+ Kh8 33.
Qxd6 1-0

[Event "Festival de Xadrez Americana SP 2007"]
[Site "Sao Paulo BRA"]
[Date "2007.12.06"]
[Round "3.4"]
[White "Mekhitarian, Krikor"]
[Black "Da Silva, Alessandro"]
[Result "1-0"]
[WhiteElo "2428"]
[BlackElo "2223"]
[PlyCount "35"]
[EventDate "2007.12.04"]
[EventType "tourn"]
[EventRounds "9"]
[EventCountry "BRA"]
[EventCategory "7"]
[Source "lmi"]
[SourceDate "2007.12.04"]

1. d4 d5 2. c4 c6 3. Nc3 Nf6 4. Nf3 e6 5. Bg5 Nbd7 6. e3 Qa5 7. cxd5 Nxd5 8.
Qd2 Bb4 9. Rc1 h6 10. Bh4 N7f6 11. Bd3 O-O 12. e4 Nxc3 13. bxc3 Ba3 14. Rb1 Qh5
15. Bxf6 gxf6 16. g4 Qh3 17. Qe3 e5 18. Bf1 1-0

[Event "Festival de Xadrez Americana SP 2007"]
[Site "Sao Paulo BRA"]
[Date "2007.12.06"]
[Round "3.5"]
[White "De Oliveira, Silvio"]
[Black "Leitao, Rafael"]
[Result "0-1"]
[WhiteElo "2286"]
[BlackElo "2601"]
[PlyCount "78"]
[EventDate "2007.12.04"]
[EventType "tourn"]
[EventRounds "9"]
[EventCountry "BRA"]
[EventCategory "7"]
[Source "lmi"]
[SourceDate "2007.12.04"]

1. e4 d6 2. d4 Nf6 3. Nc3 g6 4. Be3 c6 5. Qd2 b5 6. Bd3 Nbd7 7. Nf3 e5 8. h3
Bb7 9. dxe5 dxe5 10. O-O Bg7 11. a4 a6 12. Ne2 Qe7 13. Ng3 Nc5 14. Bxc5 Qxc5
15. b4 Qe7 16. c4 O-O 17. axb5 cxb5 18. cxb5 axb5 19. Rab1 Rfd8 20. Qe2 Bh6 21.
Bxb5 Bf4 22. Bd3 Ra3 23. Bc2 Qc7 24. Rb2 Qb6 25. Kh1 Rc8 26. Rd1 Rcc3 27. Nf1
Rxc2 28. Rxc2 Nxe4 29. Qe1 Rxf3 30. gxf3 Ng5 31. Rd3 Qe6 32. Ng3 Qxh3+ 33. Kg1
Nxf3+ 34. Rxf3 Bxf3 35. Qf1 Qh4 36. Qd3 Qg4 37. b5 Bxg3 38. fxg3 Qxg3+ 39. Kf1
Bg2+ 0-1

[Event "Festival de Xadrez Americana SP 2007"]
[Site "Sao Paulo BRA"]
[Date "2007.12.06"]
[Round "4.1"]
[White "Perdomo, Leandro"]
[Black "Leitao, Rafael"]
[Result "0-1"]
[WhiteElo "2391"]
[BlackElo "2601"]
[PlyCount "88"]
[EventDate "2007.12.04"]
[EventType "tourn"]
[EventRounds "9"]
[EventCountry "BRA"]
[EventCategory "7"]
[Source "lmi"]
[SourceDate "2007.12.04"]

1. d4 Nf6 2. c4 e6 3. Nc3 Bb4 4. e3 b6 5. Nge2 c5 6. a3 Ba5 7. Rb1 Na6 8. Qa4
Bb7 9. Bd2 Bxc3 10. Nxc3 O-O 11. Bd3 Bxg2 12. Rg1 Bb7 13. b4 d6 14. Kd1 Qc8 15.
dxc5 dxc5 16. b5 Bf3+ 17. Kc1 Rd8 18. Qc2 Qd7 19. Be2 Bxe2 20. Nxe2 Nc7 21. Bc3
Nfe8 22. Nf4 f6 23. Nh5 Qf7 24. Qe2 Kf8 25. f4 a6 26. a4 axb5 27. axb5 g6 28.
Ng3 Nd6 29. Rd1 e5 30. Rxd6 Rxd6 31. Ne4 Rdd8 32. fxe5 f5 33. Nd6 Qg7 34. Kb2
Ne8 35. Rd1 Qa7 36. Kb1 Qa3 37. Bb2 Qa2+ 38. Kc1 Ra4 39. Rd2 Nxd6 40. exd6
Qxc4+ 41. Qxc4 Rxc4+ 42. Kd1 Kf7 43. Be5 Ke6 44. Bg3 g5 0-1

[Event "Festival de Xadrez Americana SP 2007"]
[Site "Sao Paulo BRA"]
[Date "2007.12.06"]
[Round "4.2"]
[White "Da Silva, Alessandro"]
[Black "De Oliveira, Silvio"]
[Result "0-1"]
[WhiteElo "2223"]
[BlackElo "2286"]
[PlyCount "58"]
[EventDate "2007.12.04"]
[EventType "tourn"]
[EventRounds "9"]
[EventCountry "BRA"]
[EventCategory "7"]
[Source "lmi"]
[SourceDate "2007.12.04"]

1. e4 c5 2. Nf3 e6 3. c4 Nc6 4. Nc3 d6 5. d4 cxd4 6. Nxd4 Nf6 7. Be2 Be7 8. O-O
O-O 9. Nc2 b6 10. Be3 Bb7 11. f4 Rc8 12. Bd3 Re8 13. Rf3 Na5 14. Rh3 Nxc4 15.
e5 dxe5 16. Bxh7+ Nxh7 17. Qh5 Qd3 18. f5 Qxf5 19. Qe2 Nxb2 20. Rf1 Qd3 21. Qf2
f5 22. Bd4 Qc4 23. Bxe5 Nd3 24. Rxd3 Qxd3 25. Rd1 Qc4 26. Ne3 Qh4 27. g3 Qh5
28. g4 fxg4 29. Qg3 Ng5 0-1

[Event "Festival de Xadrez Americana SP 2007"]
[Site "Sao Paulo BRA"]
[Date "2007.12.06"]
[Round "4.3"]
[White "Rodriguez, Andrés"]
[Black "Mekhitarian, Krikor"]
[Result "1/2-1/2"]
[WhiteElo "2541"]
[BlackElo "2428"]
[PlyCount "96"]
[EventDate "2007.12.04"]
[EventType "tourn"]
[EventRounds "9"]
[EventCountry "BRA"]
[EventCategory "7"]
[Source "lmi"]
[SourceDate "2007.12.04"]

1. d3 c5 2. g3 Nc6 3. Bg2 g6 4. e4 Bg7 5. c3 e5 6. Be3 d6 7. Qd2 Nge7 8. Bh6
O-O 9. h4 f6 10. Bxg7 Kxg7 11. h5 g5 12. f4 h6 13. Nf3 Kh7 14. Na3 Rb8 15. Nc2
b5 16. fxg5 fxg5 17. Ne3 b4 18. O-O bxc3 19. bxc3 Be6 20. Rf2 Ng8 21. Raf1 Nf6
22. Nd5 Nd7 23. Nh2 Rxf2 24. Qxf2 Qg8 25. Nc7 Rf8 26. Qe2 Rxf1+ 27. Qxf1 Kg7
28. Nxe6+ Qxe6 29. Bh3 Qe8 30. Ng4 Ne7 31. Ne3 Nf6 32. Nc4 g4 33. Bg2 Qd7 34.
d4 cxd4 35. cxd4 Nc6 36. dxe5 dxe5 37. Ne3 Nd4 38. Qd1 Qf7 39. Nxg4 Qxh5 40.
Ne3 Qg6 41. Qe1 Ng4 42. Nxg4 Qxg4 43. Kf2 Kg6 44. Qa5 Qe2+ 45. Kg1 Qd1+ 46. Kh2
Qh5+ 47. Kg1 Qd1+ 48. Kh2 Qh5+ 1/2-1/2

[Event "Festival de Xadrez Americana SP 2007"]
[Site "Sao Paulo BRA"]
[Date "2007.12.06"]
[Round "4.4"]
[White "Tsuboi, Edson"]
[Black "Stamenkovic, Dragan"]
[Result "1/2-1/2"]
[WhiteElo "2334"]
[BlackElo "2417"]
[PlyCount "50"]
[EventDate "2007.12.04"]
[EventType "tourn"]
[EventRounds "9"]
[EventCountry "BRA"]
[EventCategory "7"]
[Source "lmi"]
[SourceDate "2007.12.04"]

1. e4 c5 2. Nf3 d6 3. d4 cxd4 4. Nxd4 Nf6 5. Nc3 g6 6. Be3 Bg7 7. f3 Nc6 8. Qd2
O-O 9. O-O-O Nxd4 10. Bxd4 Be6 11. Kb1 Qc7 12. g4 Rfc8 13. g5 Nh5 14. Bxg7 Nxg7
15. Nd5 Bxd5 16. exd5 Qd7 17. h4 Rc5 18. Bh3 Qa4 19. Bg4 b5 20. h5 b4 21. hxg6
fxg6 22. Qh2 Nh5 23. Bxh5 gxh5 24. Rd2 Qe8 25. f4 Qf7 1/2-1/2

[Event "Festival de Xadrez Americana SP 2007"]
[Site "Sao Paulo BRA"]
[Date "2007.12.06"]
[Round "4.5"]
[White "Cubas, Jose"]
[Black "Fier, Alexandr"]
[Result "1-0"]
[WhiteElo "2448"]
[BlackElo "2516"]
[PlyCount "121"]
[EventDate "2007.12.04"]
[EventType "tourn"]
[EventRounds "9"]
[EventCountry "BRA"]
[EventCategory "7"]
[Source "lmi"]
[SourceDate "2007.12.04"]

1. e4 e6 2. d4 d5 3. Nc3 Bb4 4. e5 c5 5. Bd2 Nh6 6. Nb5 Bxd2+ 7. Qxd2 O-O 8. f4
Nc6 9. Nf3 a6 10. Nd6 cxd4 11. Bd3 f6 12. O-O fxe5 13. fxe5 Rxf3 14. Rxf3 Nxe5
15. Rg3 Neg4 16. Nxc8 Rxc8 17. Re1 Ne3 18. c3 Nef5 19. Rf3 Qb6 20. Kh1 dxc3 21.
bxc3 Rf8 22. h3 Qd6 23. Qf2 Rc8 24. Rf1 Qe7 25. Re1 g6 26. g4 Ng7 27. Qd4 Rd8
28. c4 dxc4 29. Qxc4 Nf7 30. Bc2 b5 31. Qc6 Qh4 32. Rfe3 Qf2 33. Qg2 Qxg2+ 34.
Kxg2 Rd2+ 35. R1e2 Rxe2+ 36. Rxe2 Kf8 37. Re3 Nd6 38. Rc3 Nge8 39. Bd3 Ke7 40.
Rc6 Kd7 41. Rxa6 Nc7 42. Rb6 e5 43. Rb8 e4 44. Be2 Nd5 45. Kf2 b4 46. Rh8 h5
47. gxh5 gxh5 48. Rxh5 Nf4 49. Rh8 Ke7 50. Ke3 Nd5+ 51. Kd4 Nc3 52. Rh7+ Kf6
53. Rh6+ Ke7 54. Bg4 Ndb5+ 55. Kc5 e3 56. Kxb4 e2 57. Bxe2 Nxa2+ 58. Kc5 Nc7
59. Rh7+ Kd8 60. Bg4 Na6+ 61. Kd6 1-0

[Event "Festival de Xadrez Americana SP 2007"]
[Site "Sao Paulo BRA"]
[Date "2007.12.07"]
[Round "5.1"]
[White "Fier, Alexandr"]
[Black "Perdomo, Leandro"]
[Result "1/2-1/2"]
[WhiteElo "2516"]
[BlackElo "2391"]
[PlyCount "69"]
[EventDate "2007.12.04"]
[EventType "tourn"]
[EventRounds "9"]
[EventCountry "BRA"]
[EventCategory "7"]
[Source "lmi"]
[SourceDate "2007.12.04"]

1. e4 e5 2. f4 Bc5 3. Nf3 d6 4. Bc4 Nc6 5. Nc3 Bg4 6. fxe5 Bxf3 7. Qxf3 Nxe5 8.
Qe2 Nh6 9. Na4 Qh4+ 10. g3 Qh3 11. Nxc5 dxc5 12. b3 Nxc4 13. bxc4 O-O-O 14. Bb2
Nf5 15. Qf1 Qxf1+ 16. Rxf1 Nd4 17. O-O-O f6 18. d3 Rhe8 19. Rf2 Re5 20. Rdf1
Rd6 21. g4 Rg5 22. h3 h5 23. Rg1 hxg4 24. Rxg4 Rxg4 25. hxg4 Ne6 26. Rf5 Rd7
27. e5 fxe5 28. Bxe5 Kd8 29. g5 Ke8 30. g6 Nf8 31. Rg5 Re7 32. Bg3 b6 33. a4
Kd7 34. Bh4 Re6 35. Rd5+ 1/2-1/2

[Event "Festival de Xadrez Americana SP 2007"]
[Site "Sao Paulo BRA"]
[Date "2007.12.07"]
[Round "5.2"]
[White "Stamenkovic, Dragan"]
[Black "Cubas, Jose"]
[Result "1-0"]
[WhiteElo "2417"]
[BlackElo "2448"]
[PlyCount "99"]
[EventDate "2007.12.04"]
[EventType "tourn"]
[EventRounds "9"]
[EventCountry "BRA"]
[EventCategory "7"]
[Source "lmi"]
[SourceDate "2007.12.04"]

1. e4 e6 2. d4 d5 3. Nc3 Nf6 4. e5 Nfd7 5. f4 c5 6. Nf3 Nc6 7. Be3 a6 8. Qd2
cxd4 9. Nxd4 Bc5 10. O-O-O O-O 11. Qf2 Qe7 12. Bd3 Nxd4 13. Bxd4 b5 14. f5 Bxd4
15. Qxd4 Qc5 16. Qf4 exf5 17. Qxf5 Qe3+ 18. Kb1 g6 19. Nxd5 Qxe5 20. Qf3 Bb7
21. Ne7+ Qxe7 22. Qxb7 Rab8 23. Qe4 Qf6 24. Rhf1 Qg7 25. g4 Nc5 26. Qc6 Na4 27.
Qf6 Rb6 28. Qxg7+ Kxg7 29. Rf3 Re8 30. c3 Rd6 31. Kc2 Nc5 32. Bxb5 Rxd1 33.
Bxe8 Re1 34. Rxf7+ Kh6 35. b4 Ne6 36. h4 g5 37. Bd7 Kg6 38. Bxe6 Rxe6 39. Rf5
gxh4 40. Rh5 Re2+ 41. Kb3 Rh2 42. c4 Rh1 43. b5 axb5 44. cxb5 h3 45. Kb4 Rb1+
46. Ka5 Rb2 47. a4 h2 48. b6 Rg2 49. b7 Rb2 50. Ka6 1-0